| Tag |
First Indicator |
Second Indicator |
Subfields |
| LEADER |
00000cam a2200000 a 4500 |
| 001 |
in00000090043 |
| 005 |
20151008065531.0 |
| 008 |
820818t19821980caua b s001 0 eng |
| 010 |
|
|
|a 82155032
|
| 016 |
7 |
|
|a 000023842037
|2 AU
|
| 019 |
|
|
|a 8765922
|a 1057991699
|
| 020 |
|
|
|a 0520046072
|q (pbk.)
|
| 029 |
1 |
|
|a AU@
|b 000002309261
|
| 035 |
|
|
|a (OCoLC)8372794
|
| 039 |
0 |
|
|a 2
|b 3
|c 3
|d 3
|e 3
|
| 040 |
|
|
|a DLC
|b eng
|c DLC
|d MUQ
|d BAKER
|d BTCTA
|d YDXCP
|d CRU
|d DEBBG
|d EXW
|d BDX
|d GBVCP
|d IAD
|d OCLCF
|d OCLCO
|d OCLCQ
|d OCLCO
|d OCLCQ
|d OCLCO
|d OCLCQ
|d OCLCO
|d OCLCQ
|d OCLCO
|d CPO
|d OCLCO
|d BGU
|d OCLCO
|d XFF
|d OCLCO
|d AU@
|d WYU
|d CPS
|d CNO
|d CSA
|d UKMGB
|d CSO
|d IOG
|d YOU
|d BUB
|d DCHUA
|d UCW
|d CWI
|d OCLCQ
|d OCLCA
|d OCLCO
|d CCS
|d OCLCO
|d CFI
|d OCLCO
|d OKS
|d OCLCO
|d YBM
|d NKM
|d WVD
|d OCLCO
|
| 049 |
|
|
|a TXAM
|
| 050 |
0 |
0 |
|a HT166
|b .H35 1982
|
| 082 |
0 |
|
|a 658.4/012
|2 19
|
| 082 |
0 |
0 |
|a 658.4/012
|2 19
|
| 084 |
|
|
|a 3,6
|2 ssgn
|
| 100 |
1 |
|
|a Hall, Peter,
|d 1932-2014,
|e author,
|e writer of introduction.
|
| 245 |
1 |
0 |
|a Great planning disasters /
|c Peter Hall ; [with a new introduction by the author].
|
| 260 |
|
|
|a Berkeley :
|b University of California Press,
|c [1982], ©1980.
|
| 264 |
|
1 |
|a Berkeley :
|b University of California Press,
|c [1982]
|
| 264 |
|
4 |
|c ©1980
|
| 300 |
|
|
|a xxvii, 308 pages :
|b illustrations ;
|c 21 cm.
|
| 336 |
|
|
|a text
|b txt
|2 rdacontent
|
| 337 |
|
|
|a unmediated
|b n
|2 rdamedia
|
| 338 |
|
|
|a volume
|b nc
|2 rdacarrier
|
| 490 |
1 |
|
|a California series in urban development ;
|v 1
|
| 500 |
|
|
|a Includes index.
|
| 504 |
|
|
|a Includes bibliographical references (pages 287-297) and index.
|
| 505 |
0 |
0 |
|t London's Third Airport --
|t London's Motorways --
|t The Anglo-French Concorde --
|t San Francisco's BART System --
|t Sydney's Opera House --
|t Two Near-Disasters: California's New Campuses and Britain's National Library --
|t Analysis --
|t Approaching the Problem --
|t The Actors: (1) The Community --
|t The Actors: (2) The Bureaucracy --
|t The Actors: (3) The Politicians --
|t The Actors in Concert --
|t Towards Prescription.
|
| 540 |
|
|
|a Current Copyright Fee: GBP20.00
|c 0.
|5 Uk
|
| 650 |
|
0 |
|a City planning
|v Case studies.
|
| 653 |
|
0 |
|a City planning
|a Case studies
|
| 655 |
|
4 |
|a Fallstudiensammlung.
|
| 830 |
|
0 |
|a California series in urban development ;
|v 1.
|
| 938 |
|
|
|a Baker & Taylor
|b BKTY
|c 47.50
|d 47.50
|i 0520046021
|n 0000093353
|s active
|
| 999 |
|
|
|a MARS
|
| 999 |
f |
f |
|s 72dad548-a101-39d3-9064-185e894f0fc4
|i 0cde20c0-4e97-3ae2-bdf1-c48cbcb57ff5
|t 0
|
| 952 |
f |
f |
|p ric
|a Texas A&M University
|b Rellis Campus
|c Joint Library Facility
|s JLF
|d Remote Storage
|t 0
|e HT166 H35 1982
|h Library of Congress classification
|i unmediated -- volume
|m A14805966004
|